000 00672nam a2200241Ia 4500
003 OSt
005 20220926011917.0
006 a|||||r|||| 00| 0
007 ta
008 220923b |||||||| |||| 00| 0 eng d
037 _cGeneral Book
040 _aRTL
_cRTL
_beng
041 _2eng
_aeng
082 _aX:8, L6; M3
100 _aMc Conkey Dale D
_9314483
245 0 _aHow to manage by results
250 _a4Ed
260 _aNew York
_bAmerican Management Association Publication U S A
_c1983
300 _aix, 301p.
_ccm.
650 _aManagement
_930681
942 _hX:8, L6; M3
_cGB
_2CC
999 _c621270
_d621270